| 000 | 00706nam a22002297a 4500 | ||
|---|---|---|---|
| 001 | 35388 | ||
| 003 | BD-RjUL | ||
| 005 | 20211209052319.0 | ||
| 008 | 140524s ii a|||| |||| 001 0 eng d | ||
| 035 | _a(BD-RjUL)35482 | ||
| 040 |
_aBD-RjUL _beng _cBD-RjUL _dBD-RjUL |
||
| 041 | _aeng | ||
| 082 | 0 | 0 |
_bDAP 1978 _a365060954 |
| 100 | 1 |
_aDatir, R N _9107785 |
|
| 245 | 1 | 0 |
_aPrison as a social system : _bwith special reference to Maharashtra State / _cby R N Datir ;foreword by A.R. Desai. |
| 260 |
_aBombay : _bPopular Prakashan, _c1978. |
||
| 300 |
_axv, 438p. : _bill. ; _c24cm. |
||
| 504 | _aInclude index | ||
| 650 | 0 |
_aPrisons -- India. _9107786 |
|
| 700 | 1 |
_a Desai, A.R. _9107787 |
|
| 942 |
_2ddc _cBK |
||
| 999 |
_c35388 _d35388 |
||